000 00405nam a22001457a 4500
082 _a621.8
_bTOW
_cL-24, P-23
100 _aTown, H.C
_941947
245 _aTechnology of the machine shop
_cTown, H.C
250 _a1st ed.
260 _aLondon, New York
_bLongmans, Green
_c1951
300 _ax, 365 p.
_bill.
_c24 cm.
526 _a0
_b0
_c0
_d621_800000000000000_TOW
650 _aMCE
_9379
942 _2ddc
_cBK
999 _c545963
_d545963